Η γλώσσα του κινηματογράφου
Αποθηκεύτηκε σε:
| Κύριος συγγραφέας: | |
|---|---|
| Μορφή: | Βιβλίο |
| Γλώσσα: | Greek French |
| Δημοσίευση: |
Αθήνα :
Κάλβος,
1984.
|
| Θέματα: | |
| Ετικέτες: |
Προσθήκη ετικέτας
Δεν υπάρχουν, Καταχωρήστε ετικέτα πρώτοι!
|
MARC
| LEADER | 00000cam a2200000 i 4500 | ||
|---|---|---|---|
| 001 | 1/39644 | ||
| 008 | 951103s1984 gr | ||| |||| ||gre|| | ||
| 035 | |a 1989 |b 2 |c Δωρεά |l 10086639 | ||
| 035 | |1 ΕΛΗ |a 1995 |b 2510 |c Κονιόρδος | ||
| 040 | |a GR-MyUa |b gre |e AACR2 | ||
| 041 | 1 | |a gre |h fre | |
| 082 | 7 | |a 791.4301 |2 (22) | |
| 100 | 1 | |a Martin, Marcel, |d 1926-2016. | |
| 245 | 1 | 2 | |a Η γλώσσα του κινηματογράφου / |c Μαρσέλ Μαρτέν ; μετάφραση Ε. Χατζίκου. |
| 260 | |a Αθήνα : |b Κάλβος, |c 1984. | ||
| 300 | |a 354 σ. : |b εικ. ; |c 18 εκ. | ||
| 504 | |a Περιλαμβάνει βιβλιογραφία | ||
| 650 | 0 | |a Motion pictures |x Philosophy. | |
| 852 | |a INST |b LESVOS |e 20110623 |h 791.4301 MAR |p 005100048805 |q 005100048805 |t BK |y 0 | ||
| 852 | |a INST |b LESVOS |e 20110623 |h 791.4301 MAR |p 005100048806 |q 005100048806 |t BK |y 0 | ||
| 852 | |a INST |b LESVOS |e 20110623 |h 791.4301 MAR |p 005100048807 |q 005100048807 |t BK |y 0 | ||
| 852 | |a INST |b LESVOS |e 20110623 |h 791.4301 MAR |p 005100048808 |q 005100048808 |t BK |y 0 | ||
| 852 | |a INST |b LESVOS |e 20110711 |h 791.4301 MAR |p 005100049847 |q 005100049847 |t BK |y 0 | ||
| 852 | |a INST |b LESVOS |e 20110809 |h 791.4301 MAR |p 005100049994 |q 005100049994 |t BK |y 0 | ||
| 852 | |a INST |b RHODES |e 19961216 |h 791.4301 MAR |p 005400010165 |q 005400010165 |t BK |y 0 | ||
| 852 | |a INST |b SAMOS |e 19951103 |h 791.4301 MAR |p 005300032540 |q 005300032540 |t BK |y 0 | ||
| 852 | |a INST |b SYROS |e 20061109 |h 791.4301 MAR |p 005500007597 |q 005500007597 |t BK |y 0 | ||
| 901 | |a BIBL5-2006-3 | ||
| 901 | |a BIBL1-2011-2 | ||
| 901 | |a BIBL-1997-1 | ||
| 922 | |a 5ΕΛΗ |b 200610 |c Βιβλιοθήκη Σύρου |d Glory Book | ||
| 950 | |a 188-2006-10-10 | ||
| 970 | |a Κοντού |b Παρασκευή |z 20/12/2006 | ||